000 00614nam a2200193Ia 4500
008 140925s9999 xx 000 0 und d
020 _a2168-9601
100 _aAccount, Mark J.
245 _aJournal of accounting & marketing /
_cJ Account Mark.
_h[electronic resource]
260 _bOMICS Group,
_cc2013.
516 _aElectronic text
650 _aAccounting.
650 _aJournal.
650 _aMarketing Management.
830 _aOMICS Group
856 _uhttp://omicsgroup.org/journals/ArchiveJAMK/currentissue-accounting-marketing-open-access.php
942 _cEJ
999 _c275838
_d275838